00176nam a22000857a 4500040000800000082001800008100001100026245004100037260001200078 cDLC a891.4391bGHA aGhalib aIntikhaab Qalam GhalibcMir Taqi Mir a?b?c?